Sieťové a informačné technológie celoškolský seminár, Nitra 29.1.1998

Gespeichert in:
Bibliographische Detailangaben
Körperschaft: Sieťové a informačné technológie. Celoškolský seminár
Format: Buch
Sprache:Slowakisch
Englisch
Veröffentlicht: Nitra Slovenská poľnohospodárska univerzita v Nitre 1998
Schlagworte:
Tags: Tag hinzufügen
Keine Tags, Fügen Sie das erste Tag hinzu!

MARC

LEADER 00000nam$a2200000$$$4500
001 0092332
005 20240104091604.2
020 |a 80-7137-449-9 
041 0 |a slo 
041 0 |a eng 
044 |a SK 
245 1 0 |a Sieťové a informačné technológie  |b celoškolský seminár, Nitra 29.1.1998 
264 1 |a Nitra  |b Slovenská poľnohospodárska univerzita v Nitre  |c 1998 
300 |a 83 s. 
610 2 0 |a technológie informačné 
610 2 0 |a systémy informačné 
610 2 0 |a spoločnosť informačná 
610 2 0 |a siete počítačové 
610 2 0 |a školy vysoké 
610 2 0 |a knižnice 
610 2 0 |a softvér 
610 2 0 |a internet 
110 2 |a Sieťové a informačné technológie. Celoškolský seminár